000 00555nam a2200193Ia 4500
005 20250326140323.0
008 250326s9999 xx 000 0 und d
020 _a0-7619-9429-7
037 _aTextbook
040 _aFMSL
_beng
_cFMSL
041 _aeng
_2eng
084 _aX:89ZB P0
_qFMSL
100 _aDale R
_9742045
245 0 _aOrganisations and developments: strategies, structures and processes
_cDale R
260 _aNew Delhi
_bNew Delhi, SAGE
_c2000
300 _a255p
942 _cTB
_hX:89ZB P0
999 _c1285235
_d1285235